Toledo. (Record no. 176218)

MARC details
000 -LEADER
campo de control de longitud fija 00703nam a22002175i 4500
001 - NÚMERO DE CONTROL
campo de control 176218
003 - IDENTIFICADOR DE NÚMERO DE CONTROL
campo de control ES-MaACL
005 - FECHA Y HORA DE LA ÚLTIMA TRANSACCIÓN
campo de control 20230906220024.0
008 - DATOS DE LONGITUD FIJA--INFORMACIÓN GENERAL
campo de control de longitud fija 101227s19281936sp a |||| | spa d
080 ## - NÚMERO DE LA CLASIFICACIÓN DECIMAL UNIVERSAL
Número de la Clasificación Decimal Universal 71/72(460.285 T.)
245 00 - MENCIÓN DEL TÍTULO
Título Toledo.
260 ## - PUBLICACIÓN, DISTRIBUCIÓN, ETC.
Lugar de publicación, distribución, etc. [Madrid] :
Nombre del editor, distribuidor, etc. Patronato Nacional de Turismo,
Fecha de publicación, distribución, etc. [1928-1936?]
300 ## - DESCRIPCIÓN FÍSICA
Extensión [14], 200 p. :
Otras características físicas principalmente il. bl. y n. ;
Dimensiones 27 cm.
490 1# - MENCIÓN DE SERIE
Mención de serie Ciudades de España ;
Designación de volumen o secuencia 2
500 ## - NOTA GENERAL
Nota general En port. : 200 láminas.
651 #4 - PUNTO DE ACCESO ADICIONAL DE MATERIA--NOMBRE GEOGRÁFICO
Nombre geográfico Toledo-
Subdivisión general Descripción.
9 (RLIN) 9441
710 2# - ENTRADA AGREGADA--NOMBRE DE ENTIDAD CORPORATIVA
Nombre de entidad corporativa o nombre de jurisdicción como elemento de entrada Patronato Nacional del Turismo (España)
9 (RLIN) 6194
830 0# - PUNTO DE ACCESO ADICIONAL DE SERIE-TÍTULO UNIFORME
Título uniforme Ciudades de España ;
Designación de volumen o secuencia 2
9 (RLIN) 189986
852 ## - LOCALIZACIÓN
Ubicación ES-MaACL
Número de control de estantería E-13888
Encuadernación Olim P-932
Holdings
Estatus retirado Estado de pérdida Estado de daño No para préstamo Biblioteca de origen Biblioteca actual Ubicación en estantería Fecha de adquisición Fuente de adquisición Total de préstamos Signatura topográfica completa Código de barras Visto por última vez Precio de reemplazo Tipo de ítem Koha
        Biblioteca del Ateneo de Madrid Biblioteca del Ateneo de Madrid Depósito 2 27/12/2010     E-13888 1185069 23/02/2023 23/02/2023 Libro impreso